Memoria leída ante la Sociedad Central de Arquitectos, por el socio don Enrique María Repullés y Vargas, en la conferencia celebrada por la misma el día 4 de mayo de 1877. (Record no. 190145)

MARC details
000 -LEADER
campo de control de longitud fija 01108nam a2200241 i 4500
001 - NÚMERO DE CONTROL
campo de control 190145
003 - IDENTIFICADOR DE NÚMERO DE CONTROL
campo de control ES-MaACL
005 - FECHA Y HORA DE LA ÚLTIMA TRANSACCIÓN
campo de control 20250902113855.0
008 - DATOS DE LONGITUD FIJA--INFORMACIÓN GENERAL
campo de control de longitud fija 200902s1877 sp |||| | spa d
080 ## - NÚMERO DE LA CLASIFICACIÓN DECIMAL UNIVERSAL
Número de la Clasificación Decimal Universal 72.092(460)
100 1# - ENTRADA PRINCIPAL--NOMBRE DE PERSONA
Nombre de persona Repullés y Vargas, Enrique María,
Fechas asociadas al nombre 1845-1922
9 (RLIN) 96277
245 10 - MENCIÓN DEL TÍTULO
Título Memoria leída ante la Sociedad Central de Arquitectos, por el socio don Enrique María Repullés y Vargas, en la conferencia celebrada por la misma el día 4 de mayo de 1877.
260 ## - PUBLICACIÓN, DISTRIBUCIÓN, ETC.
Lugar de publicación, distribución, etc. Madrid :
Nombre del editor, distribuidor, etc. [s.n.],
Fecha de publicación, distribución, etc. 1877 (
Fabricante Imp., Estereotipia y Galvanoplastia de Aribau y Cª)
300 ## - DESCRIPCIÓN FÍSICA
Extensión 31 p. ;
Dimensiones 19 cm.
530 ## - NOTA DISPONIBLE DE FORMULARIO FÍSICO ADICIONAL
Nota de formato físico adicional disponible Disponible en formato digital.
594 ## - Nota al título y mención de responsabilidad
Nota al título y mención de responsabilidad Tema: Manera de realizar los concursos para la construcción de los edificios públicos.
650 ## - PUNTO DE ACCESO ADICIONAL DE MATERIA--TÉRMINO DE MATERIA
Término de materia o nombre geográfico como elemento de entrada Certámenes de arquitectura-
Subdivisión geográfica España.
9 (RLIN) 170243
650 #4 - PUNTO DE ACCESO ADICIONAL DE MATERIA--TÉRMINO DE MATERIA
Término de materia o nombre geográfico como elemento de entrada Concursos administrativos-
Subdivisión geográfica España.
9 (RLIN) 170244
710 2# - ENTRADA AGREGADA--NOMBRE DE ENTIDAD CORPORATIVA
Nombre de entidad corporativa o nombre de jurisdicción como elemento de entrada Sociedad Central de Arquitectos
9 (RLIN) 134871
852 4# - LOCALIZACIÓN
Ubicación ES-MaACL
Número de control de estantería T-340-F-9
856 4# - LOCALIZACIÓN Y ACCESO ELECTRÓNICOS
Identificador Uniforme de Recursos <a href="http://bdh-rd.bne.es/viewer.vm?id=0000050574&page=1 ">http://bdh-rd.bne.es/viewer.vm?id=0000050574&page=1 </a>
Nota pública Biblioteca Digital Hispánica
Holdings
Estatus retirado Estado de pérdida Estado de daño No para préstamo Colección Biblioteca de origen Biblioteca actual Ubicación en estantería Fecha de adquisición Fuente de adquisición Total de préstamos Signatura topográfica completa Código de barras Visto por última vez Precio de reemplazo Tipo de ítem Koha
        Colección de folletos Biblioteca del Ateneo de Madrid Biblioteca del Ateneo de Madrid Depósito folletos 07/05/2005     T-340-F-9 1201857 23/02/2023 23/02/2023 Folleto